| 000 | 00823nam a2200253Ia 4500 | ||
|---|---|---|---|
| 003 | OSt | ||
| 005 | 20220928131041.0 | ||
| 006 | a|||||r|||| 00| 0 | ||
| 007 | ta | ||
| 008 | 220927b |||||||| |||| 00| 0 eng d | ||
| 020 | _cUSD 148.00 | ||
| 024 | _a137174 | ||
| 037 |
_b4653, 05/02/2018, Ashutosh Technical Books _cTextual |
||
| 040 |
_aSDCL _cSDCL _beng |
||
| 041 |
_2eng _aeng |
||
| 082 | _aE9G,92Z2, Q7 | ||
| 100 |
_aFersht Alan _9476923 |
||
| 245 | 0 |
_aStructure and mechanism in protein science _b A guide to enzyme catalysis and protein folding (Vol. 9) |
|
| 260 |
_aNew Jersey _bWorld Scientific _c2017 |
||
| 300 |
_axxiii,631p. _ccm. |
||
| 650 | _aBiophysics | ||
| 942 |
_hE9G,92Z2, Q7 _cTEXL _2CC |
||
| 999 |
_c789373 _d789373 |
||